000 04765nam a2200301 i 4500
001 991061517792606706
003 ES-BaIT
005 20251112082159.0
008 251007s2025 sp 0|| | spa|c
017 _aDL M-6553-2025
_bOficina DL Madrid
020 _a9788490415207
040 _aES-BaIT
_bcat
_erda
_cES-BaIT
080 _a791.8(460)"1940/1975"(09)
100 _aSantolaria Solano, Cristina
_eautor
_982469
245 1 0 _a!Más difícil todavía!:
_buna crónica del circo en España (1940-1975) /
_cCristina Santolaria Soriano
264 1 _aMadrid :
_bINAEM. Instituto Nacional de las Artes Escénicas y de la Música,
_c2025
300 _a354 pàgines :
_bi·lustracions color i blanc i negre) ;
_c22x22 cm
336 _atext
_btxt
_2rdacontent
337 _asense mediació
_bn
_2rdamedia
338 _avolum
_bnc
_2rdacarrier
504 _aBibliografia: pàgines 325- 352. Webgrafia: pàgines: 353-354
505 8 _aConté: Presentación, por Paz Santa Cecilia (Directora General del INAEM) -- Mucho más que una crónica, por Marina Bollaín (Directora del CDAEM) -- Recobrar nuestra memoria, una necesidad inaplazable, por Manuel González Villanueva -- ANTES DE SALIR A PISTA: INTRODUCCIÓN QUE SITÚA ESTE TRABAJO -- 1 ¿INDIFERENCIA, DESCONOCIMIENTO, MENOSPRECIO? LA NO POLÍTICA CULTURAL EN TORNO AL CIRCO -- ¡Política cultural? No, políticas culturales -- La censura, un trámite más (no el más penoso) -- Muchos más trámites, más informes, más pólizas... -- Normativas y leyes de ámbito estatal --Los camuflados premios nacionales de circo o, lo que es lo mismo, los premios nacionales de teatro en la modalidad de interpretación circense -- 2 EL CIRCO EN LA SOCIEDAD ESPAÑOLA -- Y, a pesar de todo, una industria escénica resiliente --El circo, una pieza más de las artes escénicas -- El circo, un sector que se une para diferenciarse -- El sector circense en una España en continua evolución -- 3 CIRCOS ESTABLES Y TEATROS CIRCOS: ESPECIES EN EXTINCIÓN. OTROS ESPACIOS DE EXHIBICIÓN CIRCENSE --Espacios de exhibición circense en Barcelona --Teatro-Circo Barcelonés --Teatro-Circo Olympia/Olimpia -- Otros espacios de exhibición circense en Barcelona -- Espacios de exhibición circense en Madrid -- Circo Price -- La inmediatez posguerra: Francisco Perezoff --Revitalizar un género: Juan (Martínez) Carcellé --Dignificar un género: Manuel Feijoo y Arturo Castilla --Otros espacios en Madrid -- 4 CIRCO Y ARTISTAS DE CIRCO -- Un circo con luz azul: Le Bombón y Barcelona -- Un circo con luz roja: España -- Los artistas de circo -- Juan Martínez Carcellé -- Manuel Feijoo y Arturo Castilla -- Francisco Perezoff -- Salvador Peris -- Amador Santinín -- Manolo Díaz -- Armando Gutiérrez --Alejandro Bañuls --Y, además... --5 FESTIVALES CIRCENSES Y ADEMÁS, FESTIVALES -- De nuevo Juan Carcellé -- Otros siguieron la pista -- Festivales -- 6 PRESENCIA INTERNACIONAL -- Artistas españoles en España --Circos españoles en el extranjero -- 7 CONCLUSIONES -- El circo entre 1940 y 1975: el género escénico más popular, pero ignorado por el régimen -- BIBLIOGRAFÍA
520 _a"No resulta sencillo enfrentarse a una investigación sobre el circo en España que abarque casi cuatro décadas de nuestro siglo XX. De hecho, salvo las excepciones que, por suerte, confirman la regla, hasta el momento no se ha escrito una historia del arte circense en nuestro país. Este libro es una aportación para construir esta historia y una invitación al lector a asomarse a las entrañas de un arte basado en el asombro, en lo maravilloso en lo extraordinario del cuerpo y de la mente humana, pero sustentado también sobre proyectos empresariales bien terrenales e inmerso en un entramado político que apenas ha mostrado interés alguno por este arte, más aún en la etapa a la que aquí nos referimos. '¡Más difícil todavía!' Es una crónica, una de las muchas posibles, del circo que se vio en España entre 1940 y 1975, un periodo en el que, pese a las durísimas condiciones en que hubo de desenvolverse bajo el régimen dictatorial del general Franco, existieron magníficas trayectorias que jalonaron, aunque pueda parecer paradójico, uno de los periodos, que, según el testimonio de quienes lo vivieron y conocieron en profundidad, fue también uno de los más esplendorosos del circo en nuestro país. Creo que la sociedad española y, por supuesto, las administraciones, están en deuda con este arte milenario que tantos momentos de entretenimiento y admiración han proporcionado a públicos amplios pertenecientes a todos los grupos sociales." -- Contracoberta
650 0 _aCirc
_zEspanya
_y1940-1975
_xHistòria
_9167823
908 _aCDMAE
940 _aCDMAE
942 _2udc
_c1
999 _c136813
_d136813